000 00837nam a2200241 a 4500
001 80351
003 BD-RjUL
005 20220914105056.0
008 220914s1997 BG ||||| m||| 00| 0 eng d
035 _a(BD-RjUL)80351
040 _aBD-RjUL
_beng
_cBD-RjUL
_dBD-RjUL
041 _aeng
082 _223
_a514
_bBIC 1997
100 _aBISWAS, MD. ELIAS UDDIN
_94793
245 1 0 _6Supervisor ; Mainuddin Ahmed
_a COSMIC STRING IN THEORY OF GENERAL RELATIVITY :
_cMD. ELIAS UDDIN BISWAS
260 _aRajshahi :
_bDepartment of Mathematics, University of Rajshahi,
_c1997
300 _aviii, 113 leaves :
_c29 cm.
502 _aThesis (Ph. D.) -- Department of Mathematics, University of Rajshahi,1997
504 _aReferences: Leaves 109-113
650 _aTopology
700 _aAhmed, Mainuddin, Supervisor
_94794
942 _2ddc
_cTHE
999 _c80351
_d80351